Wo wir dich loben wachsen neue Lieder plus

Saved in:  
Bibliographic Details
Authors: Hanke, Matthias 1965- (Author) ; Leube, Bernhard 1954- (Author)
Format: Print Article
Language:German
Check availability: HBZ Gateway
Interlibrary Loan:Interlibrary Loan for the Fachinformationsdienste (Specialized Information Services in Germany)
Published: 2018
In: Für Arbeit und Besinnung
Year: 2018, Volume: 72, Issue: 19, Pages: 24-30
Standardized Subjects / Keyword chains:B Evangelische Landeskirche in Württemberg / Hymnal
Further subjects:B Religious song
B Church music
B Baden-Württemberg
B Hymnal
B Evangelische Landeskirche in Württemberg
B Evangelische Landeskirche in Baden

MARC

LEADER 00000caa a2200000 c 4500
001 1649877609
003 DE-627
005 20240507110335.0
007 tu
008 190214s2018 xx ||||| 00| ||ger c
035 |a (DE-627)1649877609 
035 |a (DE-576)517657635 
035 |a (DE-599)BSZ517657635 
040 |a DE-627  |b ger  |c DE-627  |e rda 
041 |a ger 
084 |a 1  |2 ssgn 
084 |a 841  |2 bwlb 
100 1 |e VerfasserIn  |0 (DE-588)1078395950  |0 (DE-627)838468713  |0 (DE-576)451457188  |4 aut  |a Hanke, Matthias  |d 1965- 
109 |a Hanke, Matthias 1965- 
245 1 0 |a Wo wir dich loben wachsen neue Lieder plus  |c Matthias Hanke und Bernhard Leube 
264 1 |c 2018 
336 |a Text  |b txt  |2 rdacontent 
337 |a ohne Hilfsmittel zu benutzen  |b n  |2 rdamedia 
338 |a Band  |b nc  |2 rdacarrier 
610 2 7 |0 (DE-588)2000563-5  |0 (DE-627)101349505  |0 (DE-576)191567795  |a Evangelische Landeskirche in Baden  |2 gnd  |7 (dpeaa)DE-631 
610 2 7 |0 (DE-588)2010129-6  |0 (DE-627)101681364  |0 (DE-576)191649589  |a Evangelische Landeskirche in Württemberg  |2 gnd  |7 (dpeaa)DE-631 
650 0 7 |0 (DE-588)4030736-0  |0 (DE-627)106268880  |0 (DE-576)208988831  |a Kirchenmusik  |2 gnd  |7 (dpeaa)DE-631 
650 0 7 |0 (DE-588)4137651-1  |0 (DE-627)105648442  |0 (DE-576)209679417  |a Gesangbuch  |2 gnd  |7 (dpeaa)DE-631 
650 0 7 |0 (DE-588)4120567-4  |0 (DE-627)105775592  |0 (DE-576)209536195  |a Kirchenlied  |2 gnd  |7 (dpeaa)DE-631 
651 7 |0 (DE-588)4004176-1  |0 (DE-627)106387154  |0 (DE-576)208854444  |a Baden-Württemberg  |2 gnd  |7 (dpeaa)DE-631 
689 0 0 |d b  |0 (DE-588)2010129-6  |0 (DE-627)101681364  |0 (DE-576)191649589  |2 gnd  |a Evangelische Landeskirche in Württemberg 
689 0 1 |d s  |0 (DE-588)4137651-1  |0 (DE-627)105648442  |0 (DE-576)209679417  |2 gnd  |a Gesangbuch 
689 0 |5 (DE-627) 
700 1 |e VerfasserIn  |0 (DE-588)135407028  |0 (DE-627)576583030  |0 (DE-576)17369568X  |4 aut  |a Leube, Bernhard  |d 1954- 
773 0 8 |i Enthalten in  |t Für Arbeit und Besinnung  |d Stuttgart : Evangelischer Verlag Stuttgart GmbH, 1947  |g 72 (2018), 19, Seite 24-30  |w (DE-627)167414801  |w (DE-600)518642-0  |w (DE-576)015706605  |x 0016-2434  |7 nnas 
773 1 8 |g volume:72  |g year:2018  |g number:19  |g pages:24-30 
935 |a BWLB 
951 |a AR 
ELC |b 1 
ITA |a 1  |t 1 
ORI |a SA-MARC-ixtheo_oa001.raw 
STA 0 0 |a Baden-Württemberg,Church music,Hymnal,Hymn-book,Religious song,Hymn 
STB 0 0 |a Bade-Württemberg,Cantique,Cantique,Musique sacrée,Recueil de cantiques 
STC 0 0 |a Cancionero,Canción religiosa,Canción religiosa,Música sacra 
STD 0 0 |a Canto religioso,Canto religioso,Libro dei canti,Libretto dei canti,Libretto dei canti,Musica sacra 
STE 0 0 |a 教会音乐,基督教音乐,圣乐,赞美诗,圣歌,圣诗,赞美诗集,宗教诗歌集 
STF 0 0 |a 教會音樂,基督教音樂,聖樂,讚美詩,聖歌,聖詩,讚美詩集,宗教詩歌集 
STG 0 0 |a Cancioneiro,Canção religiosa,Canção religiosa,Música sacra 
STH 0 0 |a Сборник псалмов,Церковная музыка,Церковная песня (мотив),Церковная песня 
STI 0 0 |a Εκκλησιαστική μουσική,Εκκλησιαστικός ύμνος (μοτίβο),Εκκλησιαστικός ύμνος,Υμνολόγιο 
SYB 0 0 |a Evangelische Landeskirche von Baden,Evangelische Landeskirche Badens,Evang. Landeskirche in Baden,Landeskirche von Baden,Landeskirche in Baden,Landeskirche,Landeskirche Badens,Vereinigte Evangelische Landeskirche in Baden,Evangelische Kirche in Baden,Badische Landeskirche,Evangeličeskaja zemel'naja cerkov' v Badene,EKIBA,Evangelische Kirche in Deutschland,Evangelische Landeskirche in Baden , Evangelische Kirche Württembergs,Evangelische Kirche in Württemberg,Württembergische Evangelische Landeskirche,Württembergische Landeskirche,Landeskirche Württemberg,Evangelisch-Lutherische Landeskirche in Württemberg,Evangelisch-Lutherische Kirche in Württemberg,Evang. Landeskirche in Württemberg,Ev. Landeskirche in Württemberg,Evangelical Church in Württemberg,Evangelische Landeskirche Württemberg 
SYE 0 0 |a Gottesdienstliche Musik,Liturgische Musik,Musica sacra , Gesangsbuch,Kirchengesangbuch,Kirchenliederbuch , Kirchengesang,Kirchliches Lied,Kirchenlieder 
SYF 0 0 |a Südweststaat,Bade-Wurtemberg,Baden-Vjurttemberg,Baden-Wirtemberg,Baden-Wuerttemberg,BW,Land Baden-Württemberg 
SYG 0 0 |a Evangelische Kirche Württembergs,Evangelische Kirche in Württemberg,Württembergische Evangelische Landeskirche,Württembergische Landeskirche,Landeskirche Württemberg,Evangelisch-Lutherische Landeskirche in Württemberg,Evangelisch-Lutherische Kirche in Württemberg,Evang. Landeskirche in Württemberg,Ev. Landeskirche in Württemberg,Evangelical Church in Württemberg,Evangelische Landeskirche Württemberg , Gesangsbuch,Kirchengesangbuch,Kirchenliederbuch 
TIM |a 100019240101_100020261231  |b 1924 - 2026